02372nam a2200337uu 4500001000800000005001700008008004100025020001800066035001200084035002100096040001300117041000800130080000700138100004200145245006800187260004200255300001800297490007400315520122400389650003001613650003501643650003001678650002901708650003601737650003001773650003701803700004401840942000901884999001901893952012201912107243820260507082723.0080312s2007 spa  a9788497841757 a1072438 a(OCoLC)217193739 ccomduadb aspa aEB10aYtarte, Rosa Marí4auteaut958882910aCulturas contra ciudadanía? Modelos inestables en educación aBarcelona :bEditorial Gedisa,c2007. a211 páginas0 aBiblioteca de Educación : Pedagogía Social y Trabajo Social ;v103 a¿Las identidades y la diversidad cultural constituyen un reto para las sociedades actuales? ¿Es la cultura un obstáculo para la ciudadanía, o, por el contrario, supone su misma posibilidad? Éstas son algunas de las preguntas centrales acerca de las que se interroga la presente obra: sobre el reto de pensar las sociedades actuales, y el papel de la educación en ellas. Pensar la diversidad significa para la autora pensar de forma crítica los discursos pedagógicos de la diferencia, abordar las contradicciones de nuestros propios modelos educativos y del lugar que otorgamos a esa diversidad en las instituciones educativas. Desde el análisis de aquellos modelos que contemplan toda diferencia como "un problema que hay que disolver" hasta aquellos otros para los cuales toda diferencia es "buena por definición", el libro intenta hacer una reflexión profunda en la que lo problemático no es tanto la diversidad como el propio discurso pedagógico. Desde el marco teórico de la pedagogía social, el libro se interroga por la manera en que la educación puede cumplir hoy con la tarea de educar la ciudadanía y, al mismo tiempo, favorecer la expresión plural de las sociedades actuales. 7aCiudadanía2embne97308 aIdentidades colectivas9150147 0aInterculturalidad9155225 7aConvivencia2lemb919679 7aDesigualdad social2lemb915901 aPedagogía social994402 7aMulticulturalismo2embne917693910aPetrus Roger, Antonio4auieaui9331591 cBOOK c450149d450149 001040708GENERALaCEDEDbCEDEDd2008-03-12iC992793l0oEB/0092p0596090r2023-04-27 00:00:00t1w2023-04-27yBOOK